[Event "February Lviv Tradition (IM-Group)"]
[Site "Lviv"]
[Date "2016.02.25"]
[Round "5.2"]
[White "Bunyatov, Rustam"]
[Black "Kryvoruchko, Vita"]
[Result "1-0"]
[WhiteElo "2215"]
[BlackElo "2200"]
[PlyCount "118"]
[EventDate "2016.02.22"]
[EventType "tourn"]
[EventRounds "9"]
[EventCountry "UKR"]
[EventCategory "1"]

1. e4 c5 2. Nf3 d6 3. Bb5+ Bd7 4. a4 Nc6 5. d3 Nf6 6. Nbd2 e6 7. Nc4 Be7 8. Bf4
e5 9. Bg5 Qc7 10. O-O a6 11. Bxc6 bxc6 12. a5 Rb8 13. b3 O-O 14. Qe2 Rfe8 15.
Nfd2 h6 16. Bh4 g5 17. Bg3 Bf8 18. h4 g4 19. f4 gxf3 20. Qxf3 Bg7 21. Ne3 h5
22. Nf5 Bxf5 23. Qxf5 Kh8 24. Nc4 Re6 25. Be1 Qd8 26. Bd2 Qg8 27. Bg5 Qh7 28.
Qh3 Qg6 29. Ne3 Bh6 30. Rf5 Bxg5 31. Rxg5 Qh7 32. Rf1 Rg8 33. Rff5 Rxg5 34.
Rxg5 d5 35. exd5 cxd5 36. Qf3 e4 37. dxe4 Qxe4 38. Qxe4 Rxe4 39. Nxd5 Ng4 40.
Rxh5+ Kg7 41. Rg5+ Kf8 42. g3 f6 43. Rf5 Kf7 44. Rf4 Re1+ 45. Kg2 Ne3+ 46. Kf2
Nxc2 47. Rxf6+ Kg7 48. Rxa6 Ra1 49. h5 Nd4 50. Rg6+ Kf7 51. a6 Nxb3 52. Rf6+
Kg7 53. h6+ Kh7 54. g4 c4 55. g5 Ra5 56. Rf7+ Kg8 57. h7+ Kxf7 58. h8=Q Rxd5
59. Qf6+ Ke8 1-0

[Event "February Lviv Tradition (IM-Group)"]
[Site "Lviv"]
[Date "2016.02.25"]
[Round "5.3"]
[White "Sevostianov, Pavel"]
[Black "Punin, Andrii"]
[Result "1/2-1/2"]
[WhiteElo "2270"]
[BlackElo "2273"]
[PlyCount "35"]
[EventDate "2016.02.22"]
[EventType "tourn"]
[EventRounds "9"]
[EventCountry "UKR"]
[EventCategory "1"]

1. e4 c6 2. d4 d5 3. Nd2 dxe4 4. Nxe4 Bf5 5. Ng3 Bg6 6. Bc4 e6 7. N1e2 Nf6 8.
c3 Bd6 9. h4 h6 10. Nf4 Bh7 11. Nfh5 O-O 12. Qf3 Nbd7 13. Be3 Be7 14. Rd1 Nxh5
15. Nxh5 Nf6 16. Nxf6+ Bxf6 17. Qg3 Kh8 18. f3 1/2-1/2

[Event "February Lviv Tradition (IM-Group)"]
[Site "Lviv"]
[Date "2016.02.25"]
[Round "5.4"]
[White "Rytenko, Vsevolod"]
[Black "Martynkova, Olena"]
[Result "1/2-1/2"]
[WhiteElo "2249"]
[BlackElo "2245"]
[PlyCount "123"]
[EventDate "2016.02.22"]
[EventType "tourn"]
[EventRounds "9"]
[EventCountry "UKR"]
[EventCategory "1"]

1. d4 Nf6 2. Nf3 g6 3. g3 Bg7 4. Bg2 O-O 5. O-O d6 6. a4 Nbd7 7. a5 c6 8. Nc3
d5 9. Re1 Re8 10. e4 Nxe4 11. Nxe4 dxe4 12. Rxe4 c5 13. c3 cxd4 14. Nxd4 e5 15.
Nb3 Nc5 16. Qc2 Nxe4 17. Bxe4 Rb8 18. Be3 b6 19. c4 Bb7 20. Bxb7 Rxb7 21. c5
bxc5 22. Nxc5 Rb5 23. a6 e4 24. Rb1 Bd4 25. Qa4 Rxc5 26. Bxd4 Ra5 27. Qc4 Qd7
28. b4 Rd5 29. Bxa7 Rd1+ 30. Rxd1 Qxd1+ 31. Kg2 Qf3+ 32. Kg1 Rd8 33. Bd4 Qd1+
34. Kg2 Rxd4 35. Qc8+ Kg7 36. a7 Qf3+ 37. Kh3 Rd5 38. Qh8+ Kh6 39. Qf8+ Kh5 40.
a8=Q e3 41. Qxd5+ Qxd5 42. g4+ Kg5 43. Qe7+ Kh6 44. Qxe3+ g5 45. f4 f6 46. Kg3
Qc4 47. fxg5+ fxg5 48. h4 Qc7+ 49. Kh3 Kg7 50. Qxg5+ Kh8 51. Qf6+ Kg8 52. h5
Qc4 53. Qg5+ Kf7 54. Qf5+ Kg8 55. b5 Qc3+ 56. Kh4 Qe1+ 57. Kg5 Qe3+ 58. Kf6
Qc3+ 59. Qe5 Qf3+ 60. Kg5 h6+ 61. Kxh6 Qf6+ 62. Qxf6 1/2-1/2

[Event "February Lviv Tradition (IM-Group)"]
[Site "Lviv"]
[Date "2016.02.25"]
[Round "5.5"]
[White "Terletsky, Oleg"]
[Black "Osmak, Iulija"]
[Result "0-1"]
[WhiteElo "2167"]
[BlackElo "2343"]
[PlyCount "44"]
[EventDate "2016.02.22"]
[EventType "tourn"]
[EventRounds "9"]
[EventCountry "UKR"]
[EventCategory "1"]

1. e4 d6 2. d4 Nf6 3. f3 d5 4. e5 Nfd7 5. f4 c5 6. Nf3 Nc6 7. Nc3 e6 8. Be3 Be7
9. Qd2 O-O 10. Be2 b6 11. O-O-O c4 12. f5 b5 13. fxe6 fxe6 14. Nxb5 Rb8 15. Nd6
Bxd6 16. exd6 Nf6 17. c3 Qa5 18. a3 Bd7 19. Qc2 Be8 20. Nh4 Rf7 21. Kd2 Rfb7
22. Rb1 g5 0-1

[Event "February Lviv Tradition (IM-Group)"]
[Site "Lviv"]
[Date "2016.02.26"]
[Round "6.1"]
[White "Kagramanianz, Vartan"]
[Black "Osmak, Iulija"]
[Result "1/2-1/2"]
[WhiteElo "2228"]
[BlackElo "2343"]
[PlyCount "78"]
[EventDate "2016.02.22"]
[EventType "tourn"]
[EventRounds "9"]
[EventCountry "UKR"]
[EventCategory "1"]

1. d4 Nf6 2. Nf3 e6 3. Bf4 c5 4. e3 cxd4 5. exd4 b6 6. g3 Ba6 7. Bxa6 Nxa6 8.
O-O Be7 9. c3 O-O 10. Qe2 Nc7 11. Bxc7 Qxc7 12. a4 Rfc8 13. Na3 a6 14. Rfd1 Qc6
15. Nc2 b5 16. Ne5 Qb7 17. Nd3 Ne4 18. f3 Nf6 19. axb5 axb5 20. Ndb4 d5 21. Qf1
Nd7 22. Rxa8 Rxa8 23. Ra1 Rxa1 24. Qxa1 Nb8 25. Kf2 h5 26. Ke2 h4 27. Qa5 Nc6
28. Qa6 Qxa6 29. Nxa6 Bd6 30. f4 Kf8 31. b4 Ke7 32. Na3 Na7 33. Nc5 hxg3 34.
hxg3 Kd8 35. Kf3 Kc7 36. g4 Kc6 37. Nc2 Nc8 38. g5 Ne7 39. Ne3 Ng6 1/2-1/2

[Event "February Lviv Tradition (IM-Group)"]
[Site "Lviv"]
[Date "2016.02.26"]
[Round "6.2"]
[White "Martynkova, Olena"]
[Black "Terletsky, Oleg"]
[Result "1-0"]
[WhiteElo "2245"]
[BlackElo "2167"]
[PlyCount "53"]
[EventDate "2016.02.22"]
[EventType "tourn"]
[EventRounds "9"]
[EventCountry "UKR"]
[EventCategory "1"]

1. d4 Nf6 2. c4 g6 3. Nf3 Bg7 4. g3 O-O 5. Bg2 d6 6. O-O Nbd7 7. Nc3 e5 8. e4
exd4 9. Nxd4 Re8 10. h3 Nc5 11. Re1 a5 12. Qc2 Bd7 13. Be3 Qc8 14. Kh2 Re5 15.
g4 Qe8 16. Nf3 Bxg4 17. Nxe5 Qxe5+ 18. Kg1 Bd7 19. f4 Qe7 20. Bf2 Ne6 21. Nd5
Qd8 22. Qd2 Nh5 23. f5 Nc5 24. fxg6 hxg6 25. e5 Be6 26. Rad1 Bf8 27. Bxc5 1-0

[Event "February Lviv Tradition (IM-Group)"]
[Site "Lviv"]
[Date "2016.02.26"]
[Round "6.3"]
[White "Punin, Andrii"]
[Black "Rytenko, Vsevolod"]
[Result "1/2-1/2"]
[WhiteElo "2273"]
[BlackElo "2249"]
[PlyCount "91"]
[EventDate "2016.02.22"]
[EventType "tourn"]
[EventRounds "9"]
[EventCountry "UKR"]
[EventCategory "1"]

1. b3 d5 2. Nf3 c5 3. e3 Nc6 4. Bb5 a6 5. Bxc6+ bxc6 6. O-O Nf6 7. d3 g6 8. Bb2
Bg7 9. Qe2 O-O 10. c4 Bg4 11. Rd1 d4 12. h3 Bxf3 13. Qxf3 Qb6 14. Na3 a5 15.
Nc2 Nd7 16. Rab1 e5 17. Bc1 Qc7 18. Bd2 f5 19. Be1 Rae8 20. Qe2 f4 21. e4 f3
22. gxf3 Nf6 23. Bd2 Nh5 24. Kh2 Qd7 25. Rg1 Nf4 26. Bxf4 Rxf4 27. Rg4 Bh6 28.
Rxf4 Bxf4+ 29. Kg2 Qe7 30. Rh1 Qg5+ 31. Kf1 Rb8 32. h4 Qd8 33. Ne1 a4 34. Ng2
axb3 35. axb3 Rxb3 36. Nxf4 Rb1+ 37. Kg2 Rxh1 38. Kxh1 Qxh4+ 39. Kg2 Qg5+ 40.
Kh2 Qxf4+ 41. Kg2 h5 42. Qb2 h4 43. Qb8+ Kh7 44. Qc7+ Kh6 45. Qc8 Qf6 46. Qd7
1/2-1/2

[Event "February Lviv Tradition (IM-Group)"]
[Site "Lviv"]
[Date "2016.02.26"]
[Round "6.4"]
[White "Kryvoruchko, Vita"]
[Black "Sevostianov, Pavel"]
[Result "0-1"]
[WhiteElo "2200"]
[BlackElo "2270"]
[PlyCount "54"]
[EventDate "2016.02.22"]
[EventType "tourn"]
[EventRounds "9"]
[EventCountry "UKR"]
[EventCategory "1"]

1. e4 Nf6 2. e5 Nd5 3. d4 Nb6 4. Nf3 d6 5. Be2 g6 6. O-O Bg7 7. exd6 cxd6 8. c4
O-O 9. Nc3 Nc6 10. d5 Na5 11. Nd2 Bd7 12. Bd3 Rc8 13. Qe2 Re8 14. Nce4 Qc7 15.
h4 Naxc4 16. Nxc4 Nxc4 17. h5 Ne5 18. hxg6 hxg6 19. Ng5 Qc5 20. Be4 Bb5 21. Qd2
Bxf1 22. Qf4 Bf6 23. Nxf7 Kxf7 24. Be3 Qc4 25. Rxf1 Qe2 26. Bd4 Rc4 27. Be3 Qg4
0-1

[Event "February Lviv Tradition (IM-Group)"]
[Site "Lviv"]
[Date "2016.02.26"]
[Round "6.5"]
[White "Anwesh, Upadhyaya"]
[Black "Bunyatov, Rustam"]
[Result "1-0"]
[WhiteElo "2399"]
[BlackElo "2215"]
[PlyCount "151"]
[EventDate "2016.02.22"]
[EventType "tourn"]
[EventRounds "9"]
[EventCountry "UKR"]
[EventCategory "1"]

1. Nf3 Nf6 2. d4 g6 3. g3 Bg7 4. Bg2 O-O 5. O-O d6 6. c4 c6 7. Nc3 Bf5 8. Ne1
Qc8 9. e4 Bh3 10. Bxh3 Qxh3 11. f3 a6 12. a4 a5 13. Be3 Na6 14. Nd3 Qd7 15. Kg2
Rfd8 16. Qe2 Ne8 17. Rad1 Nec7 18. c5 dxc5 19. Nxc5 Nxc5 20. dxc5 Qe6 21. Rxd8+
Rxd8 22. Rd1 Qc8 23. f4 Rd7 24. e5 Qd8 25. Rxd7 Qxd7 26. Qd2 Qxd2+ 27. Bxd2 f6
28. Ne4 fxe5 29. Bxa5 Nd5 30. fxe5 Bxe5 31. b3 Bd4 32. Kf3 Nf6 33. Bb4 Nxe4 34.
Kxe4 Bg1 35. h3 Kf7 36. Ba3 Ke6 37. b4 Bf2 38. g4 Be1 39. b5 Kd7 40. Bb2 Bd2
41. Bd4 Ke6 42. Bf2 Kd7 43. Bg3 Bb4 44. Kd4 Bd2 45. Be5 Be1 46. Kc4 Bd2 47. Bc3
Bf4 48. Kb4 Bg3 49. Bd2 Bh2 50. Bg5 h5 51. Kc4 hxg4 52. hxg4 Bg1 53. Bf4 b6 54.
cxb6 Bxb6 55. Kb4 cxb5 56. Kxb5 Bd4 57. Kc4 e5 58. Bd2 Kc6 59. Bc3 Be3 60. Bxe5
Kb7 61. Bd4 Bd2 62. Kb5 Bg5 63. a5 Bd2 64. a6+ Ka8 65. Kc6 g5 66. Kd5 Bc1 67.
Ke4 Bd2 68. Be3 Bb4 69. Kf5 Bc3 70. Kxg5 Ba5 71. Kf5 Bd8 72. Bd4 Bh4 73. Bf6
Be1 74. g5 Bd2 75. g6 Bh6 76. Bg5 1-0

[Event "February Lviv Tradition (IM-Group)"]
[Site "Lviv"]
[Date "2016.02.26"]
[Round "7.1"]
[White "Bunyatov, Rustam"]
[Black "Kagramanianz, Vartan"]
[Result "0-1"]
[WhiteElo "2215"]
[BlackElo "2228"]
[PlyCount "74"]
[EventDate "2016.02.22"]
[EventType "tourn"]
[EventRounds "9"]
[EventCountry "UKR"]
[EventCategory "1"]

1. c4 c6 2. Nf3 d5 3. e3 Nf6 4. Nc3 e6 5. Qc2 Nbd7 6. b3 a6 7. Bb2 b5 8. d4 Bd6
9. Bd3 Bb7 10. O-O O-O 11. c5 Bc7 12. Ne2 Qb8 13. Ng3 e5 14. dxe5 Nxe5 15. Nxe5
Bxe5 16. Bxe5 Qxe5 17. a4 h5 18. Nf5 Ng4 19. g3 Bc8 20. Nd6 Be6 21. Rfe1 Qf6
22. Rad1 Ne5 23. Be2 Nf3+ 24. Bxf3 Qxf3 25. Qe2 Qxe2 26. Rxe2 Bg4 27. Red2 Bxd1
28. Rxd1 bxa4 29. bxa4 Rab8 30. Nf5 Rfe8 31. Nd4 Rec8 32. Nf5 Kf8 33. e4 Rd8
34. Rd4 a5 35. Nd6 Rb4 36. Rxb4 axb4 37. exd5 cxd5 0-1

[Event "February Lviv Tradition (IM-Group)"]
[Site "Lviv"]
[Date "2016.02.26"]
[Round "7.2"]
[White "Sevostianov, Pavel"]
[Black "Anwesh, Upadhyaya"]
[Result "1-0"]
[WhiteElo "2270"]
[BlackElo "2399"]
[PlyCount "71"]
[EventDate "2016.02.22"]
[EventType "tourn"]
[EventRounds "9"]
[EventCountry "UKR"]
[EventCategory "1"]

1. e4 e5 2. Nf3 Nc6 3. Bc4 Bc5 4. c3 Nf6 5. d3 O-O 6. O-O d6 7. Nbd2 a6 8. Bb3
Ba7 9. Nc4 Be6 10. Bg5 h6 11. Bh4 Ne7 12. Bxf6 gxf6 13. Nh4 Kh7 14. Qf3 Ng6 15.
Nf5 Rg8 16. Nce3 Nf4 17. d4 Bxf5 18. exf5 Qf8 19. g3 c6 20. Kh1 Nh3 21. Qh5 Ng5
22. h4 Ne4 23. Bxf7 Rxg3 24. Kh2 Rg7 25. Bg6+ Kg8 26. Ng4 Qe7 27. Rfe1 d5 28.
dxe5 Bb8 29. Kg2 Bxe5 30. f3 Ng3 31. Qxh6 Rf8 32. f4 Ne4 33. fxe5 fxe5 34. Rxe4
dxe4 35. Rf1 Qd7 36. Qh5 1-0

[Event "February Lviv Tradition (IM-Group)"]
[Site "Lviv"]
[Date "2016.02.26"]
[Round "7.3"]
[White "Rytenko, Vsevolod"]
[Black "Kryvoruchko, Vita"]
[Result "1-0"]
[WhiteElo "2249"]
[BlackElo "2200"]
[PlyCount "85"]
[EventDate "2016.02.22"]
[EventType "tourn"]
[EventRounds "9"]
[EventCountry "UKR"]
[EventCategory "1"]

1. d4 c5 2. e4 cxd4 3. c3 dxc3 4. Nxc3 Nc6 5. Nf3 d6 6. Bc4 e6 7. O-O Nf6 8.
Bf4 a6 9. a4 Be7 10. Qd2 O-O 11. h3 Qc7 12. Rac1 Rd8 13. Rfd1 Ne5 14. Be2 Nxf3+
15. Bxf3 Qd7 16. Qe3 Qe8 17. e5 dxe5 18. Bxe5 Rxd1+ 19. Rxd1 h6 20. Bxf6 Bxf6
21. Nd5 Bg5 22. Qe5 f6 23. Qe4 Ra7 24. h4 f5 25. Qd4 b6 26. hxg5 exd5 27. Bxd5+
Kh7 28. gxh6 gxh6 29. Qxb6 Re7 30. Qf6 a5 31. Rc1 Bd7 32. b3 h5 33. g3 Re1+ 34.
Rxe1 Qxe1+ 35. Kg2 Qe8 36. Kh2 Qg6 37. Qd8 Qd6 38. Qg8+ Kh6 39. Bf7 Qf6 40.
Qf8+ Kh7 41. Bg8+ Kg6 42. Bh7+ Kg5 43. f4+ 1-0

[Event "February Lviv Tradition (IM-Group)"]
[Site "Lviv"]
[Date "2016.02.26"]
[Round "7.4"]
[White "Terletsky, Oleg"]
[Black "Punin, Andrii"]
[Result "0-1"]
[WhiteElo "2167"]
[BlackElo "2273"]
[PlyCount "58"]
[EventDate "2016.02.22"]
[EventType "tourn"]
[EventRounds "9"]
[EventCountry "UKR"]
[EventCategory "1"]

1. e4 c5 2. Nf3 Nc6 3. Nc3 d6 4. d4 cxd4 5. Nxd4 Nf6 6. Bc4 e6 7. Be3 a6 8. Qe2
Qc7 9. O-O-O Bd7 10. Rhg1 b5 11. Bb3 b4 12. Na4 Rb8 13. Qxa6 Nxd4 14. Bxd4 Bb5
15. Bb6 Qc6 16. Qa5 Ra8 17. Ba7 Qd7 18. Nb6 Rxa7 19. Nxd7 Rxa5 20. Nxf8 Rxf8
21. Rxd6 Nxe4 22. Rd4 Nc5 23. Rxb4 Nxb3+ 24. Rxb3 Rxa2 25. Kb1 Ra5 26. Rg3 Ke7
27. b3 Rfa8 28. Kb2 Ra2+ 29. Kc3 Bc6 0-1

[Event "February Lviv Tradition (IM-Group)"]
[Site "Lviv"]
[Date "2016.02.26"]
[Round "7.5"]
[White "Osmak, Iulija"]
[Black "Martynkova, Olena"]
[Result "1-0"]
[WhiteElo "2343"]
[BlackElo "2245"]
[PlyCount "101"]
[EventDate "2016.02.22"]
[EventType "tourn"]
[EventRounds "9"]
[EventCountry "UKR"]
[EventCategory "1"]

1. e4 c5 2. Nf3 e6 3. d4 cxd4 4. Nxd4 Nc6 5. Nc3 Qc7 6. f4 a6 7. Nxc6 Qxc6 8.
Bd3 b5 9. Qe2 Bc5 10. e5 Bb7 11. Ne4 Ne7 12. Bd2 d5 13. Nxc5 Qxc5 14. O-O-O
O-O-O 15. Kb1 d4 16. Rhf1 g6 17. g4 h5 18. f5 gxf5 19. gxf5 Nxf5 20. Bxf5 exf5
21. Rxf5 Bd5 22. Rxh5 Bc4 23. Qg4+ Be6 24. Qf3 Rxh5 25. Qxh5 Qd5 26. b3 d3 27.
Rc1 Kb7 28. Qg5 Rc8 29. c3 a5 30. Qe7+ Rc7 31. Qd6 Qf3 32. Qd4 Rd7 33. Qe3 Qxe3
34. Bxe3 Bg4 35. Rg1 Be2 36. Kc1 a4 37. Rg7 axb3 38. axb3 Kc6 39. h4 Kd5 40.
Kd2 Ke6 41. Rg8 Rd5 42. Bd4 b4 43. Rh8 bxc3+ 44. Bxc3 Rd7 45. h5 Ra7 46. h6
Ra2+ 47. Ke3 Kf5 48. Rg8 Bg4 49. h7 Re2+ 50. Kxd3 Rh2 51. h8=Q 1-0

[Event "February Lviv Tradition (IM-Group)"]
[Site "Lviv"]
[Date "2016.02.27"]
[Round "8.1"]
[White "Kagramanianz, Vartan"]
[Black "Martynkova, Olena"]
[Result "1/2-1/2"]
[WhiteElo "2228"]
[BlackElo "2245"]
[PlyCount "103"]
[EventDate "2016.02.22"]
[EventType "tourn"]
[EventRounds "9"]
[EventCountry "UKR"]
[EventCategory "1"]

1. d4 Nf6 2. Nf3 g6 3. Bg5 Bg7 4. Nbd2 d5 5. e3 O-O 6. Be2 Nbd7 7. O-O c5 8. c3
b6 9. h3 Bb7 10. Bf4 Ne4 11. Bb5 a6 12. Bxd7 Qxd7 13. Be5 Bh6 14. Qb3 b5 15.
Rad1 c4 16. Qc2 a5 17. b3 a4 18. b4 f5 19. Bf4 Bg7 20. Be5 Bf6 21. Bh2 g5 22.
Ne5 Qe6 23. f3 Nd6 24. Rde1 Bg7 25. Rf2 Rf6 26. Qd1 Raf8 27. f4 gxf4 28. Bxf4
Bh6 29. Ref1 Ne4 30. Nxe4 dxe4 31. Qh5 Bxf4 32. Rxf4 Bc8 33. Rh4 h6 34. Rhf4
Kh7 35. Kh2 Rg8 36. g4 Rg5 37. Qe8 Rg8 38. Qxb5 fxg4 39. Nxg4 Rxf4 40. Rxf4 Qg6
41. Qe5 h5 42. Qxe7+ Rg7 43. Qxe4 hxg4 44. Qxg6+ Rxg6 45. hxg4 Bxg4 46. d5 a3
47. Rxc4 Bf3 48. Rd4 Rg2+ 49. Kh3 Rxa2 50. b5 Rb2 51. Ra4 Bxd5 52. Rxa3 1/2-1/2

[Event "February Lviv Tradition (IM-Group)"]
[Site "Lviv"]
[Date "2016.02.27"]
[Round "8.2"]
[White "Punin, Andrii"]
[Black "Osmak, Iulija"]
[Result "0-1"]
[WhiteElo "2273"]
[BlackElo "2343"]
[PlyCount "194"]
[EventDate "2016.02.22"]
[EventType "tourn"]
[EventRounds "9"]
[EventCountry "UKR"]
[EventCategory "1"]

1. h3 e5 2. c3 d5 3. d4 e4 4. Bf4 Nf6 5. e3 Be7 6. Bb5+ c6 7. Ba4 O-O 8. Ne2
Na6 9. Nd2 Nc7 10. Bc2 Ne6 11. Bh2 c5 12. O-O b6 13. Nf4 Ba6 14. Re1 cxd4 15.
Nxe6 fxe6 16. exd4 Nd7 17. f3 Bh4 18. fxe4 Bf2+ 19. Kh1 Bxe1 20. Qxe1 Nf6 21.
Qe3 Bb7 22. e5 Ne4 23. Nxe4 dxe4 24. Bg3 Qd5 25. Bb3 Qd7 26. a4 a6 27. Bc2 Qc6
28. Re1 b5 29. axb5 axb5 30. Bxe4 Qxe4 31. Qxe4 Bxe4 32. Rxe4 Rf1+ 33. Kh2 Rb1
34. d5 exd5 35. Rd4 Rxb2 36. Rxd5 Raa2 37. h4 Rxg2+ 38. Kh3 Rge2 39. Rxb5 Ra8
40. h5 h6 41. Kg4 Rc8 42. Bf4 Rg2+ 43. Kf3 Rc2 44. e6 R2xc3+ 45. Kg4 R3c4 46.
Kg3 R4c5 47. Rb7 Rxh5 48. Bd6 Re8 49. e7 Rd5 50. Bb4 Kf7 51. Kf3 Re5 52. Kf4
Re6 53. Rb5 g5+ 54. Kf5 Rf6+ 55. Kg4 Kg6 56. Kg3 Re6 57. Rd5 Re3+ 58. Kf2 R3xe7
59. Bxe7 Rxe7 60. Rd6+ Kh5 61. Kf3 Rg7 62. Kg3 Rg6 63. Rd4 Ra6 64. Kh3 Kg6 65.
Rd3 h5 66. Kg3 h4+ 67. Kh3 Kh5 68. Rd5 Ra3+ 69. Kh2 Re3 70. Ra5 Kg4 71. Ra4+
Kf5 72. Ra5+ Kf4 73. Ra4+ Re4 74. Ra1 g4 75. Kh1 Re3 76. Rf1+ Rf3 77. Ra1 h3
78. Kh2 Rf2+ 79. Kh1 Kg3 80. Ra3+ Rf3 81. Ra1 Rf4 82. Kg1 Kh4 83. Ra8 g3 84.
Rh8+ Kg4 85. Rg8+ Kf3 86. Rg7 Rf8 87. Rg6 Ra8 88. Rf6+ Kg4 89. Rg6+ Kf4 90.
Rf6+ Kg5 91. Rf1 Kg4 92. Rb1 Ra3 93. Rb4+ Kf3 94. Rb1 Ra4 95. Rb3+ Kg4 96. Rb1
Rf4 97. Kh1 h2 0-1

[Event "February Lviv Tradition (IM-Group)"]
[Site "Lviv"]
[Date "2016.02.27"]
[Round "8.3"]
[White "Kryvoruchko, Vita"]
[Black "Terletsky, Oleg"]
[Result "1-0"]
[WhiteElo "2200"]
[BlackElo "2167"]
[PlyCount "49"]
[EventDate "2016.02.22"]
[EventType "tourn"]
[EventRounds "9"]
[EventCountry "UKR"]
[EventCategory "1"]

1. e4 e5 2. Nf3 Nc6 3. d4 exd4 4. Nxd4 Nf6 5. Nxc6 bxc6 6. e5 Qe7 7. Qe2 Nd5 8.
c4 Ba6 9. b3 O-O-O 10. g3 g6 11. Bg2 Bg7 12. Bb2 Rhe8 13. O-O Bxe5 14. Qxe5
Qxe5 15. Bxe5 Rxe5 16. cxd5 Bxf1 17. Kxf1 cxd5 18. Nc3 c6 19. Rd1 Rde8 20. Bf3
Kc7 21. b4 a5 22. b5 Kd6 23. Be2 f5 24. a3 c5 25. f4 1-0

[Event "February Lviv Tradition (IM-Group)"]
[Site "Lviv"]
[Date "2016.02.27"]
[Round "8.4"]
[White "Anwesh, Upadhyaya"]
[Black "Rytenko, Vsevolod"]
[Result "1/2-1/2"]
[WhiteElo "2399"]
[BlackElo "2249"]
[PlyCount "30"]
[EventDate "2016.02.22"]
[EventType "tourn"]
[EventRounds "9"]
[EventCountry "UKR"]
[EventCategory "1"]

1. e4 c5 2. Nc3 e6 3. Nf3 a6 4. d4 cxd4 5. Nxd4 Qc7 6. Bd3 b5 7. O-O Be7 8. Qe2
Bb7 9. Bd2 Nc6 10. Nxc6 Bxc6 11. a4 b4 12. Na2 Qb7 13. Nc1 Nf6 14. Re1 d5 15.
e5 Ne4 1/2-1/2

[Event "February Lviv Tradition (IM-Group)"]
[Site "Lviv"]
[Date "2016.02.27"]
[Round "8.5"]
[White "Bunyatov, Rustam"]
[Black "Sevostianov, Pavel"]
[Result "1/2-1/2"]
[WhiteElo "2215"]
[BlackElo "2270"]
[PlyCount "64"]
[EventDate "2016.02.22"]
[EventType "tourn"]
[EventRounds "9"]
[EventCountry "UKR"]
[EventCategory "1"]

1. e4 c5 2. Nf3 Nc6 3. d4 cxd4 4. Nxd4 g6 5. Be3 Bg7 6. Nc3 Nf6 7. Be2 O-O 8.
O-O d6 9. Nb3 a5 10. a4 Be6 11. Nd4 Nxd4 12. Bxd4 Nd7 13. Bxg7 Kxg7 14. Qd4+
Kg8 15. Bc4 Qb6 16. Qxb6 Nxb6 17. Bxe6 fxe6 18. Ra3 Nd7 19. f3 Ra6 20. Rb3 Rb6
21. Rxb6 Nxb6 22. Ra1 Nc4 23. Ne2 Rc8 24. b3 Ne5 25. c4 Nd7 26. Nd4 Nc5 27. Rb1
Kf7 28. Kf2 Kf6 29. Ke3 e5 30. Nc2 Rc6 31. Na3 Rc8 32. Nb5 Ne6 1/2-1/2

[Event "February Lviv Tradition (IM-Group)"]
[Site "Lviv"]
[Date "2016.02.28"]
[Round "9.1"]
[White "Sevostianov, Pavel"]
[Black "Kagramanianz, Vartan"]
[Result "1/2-1/2"]
[WhiteElo "2270"]
[BlackElo "2228"]
[PlyCount "62"]
[EventDate "2016.02.22"]
[EventType "tourn"]
[EventRounds "9"]
[EventCountry "UKR"]
[EventCategory "1"]

1. Nf3 d5 2. c4 d4 3. g3 g6 4. b4 Bg7 5. d3 e5 6. Bg2 Ne7 7. O-O O-O 8. Nfd2
Nd7 9. Na3 h6 10. Nc2 Re8 11. a4 a6 12. Nb3 Rb8 13. e3 dxe3 14. Nxe3 Nf8 15.
Bb2 Ne6 16. Re1 Ng5 17. Nc2 Qd6 18. c5 Qe6 19. Nd2 Qf5 20. Nc4 f6 21. Qe2 Bd7
22. h4 Nh3+ 23. Kf1 g5 24. hxg5 Nxg5 25. N4e3 Qe6 26. d4 e4 27. Red1 Bc6 28. b5
axb5 29. axb5 Bd5 30. Nb4 f5 31. Ra7 Bb3 1/2-1/2

[Event "February Lviv Tradition (IM-Group)"]
[Site "Lviv"]
[Date "2016.02.28"]
[Round "9.2"]
[White "Rytenko, Vsevolod"]
[Black "Bunyatov, Rustam"]
[Result "1/2-1/2"]
[WhiteElo "2249"]
[BlackElo "2215"]
[PlyCount "64"]
[EventDate "2016.02.22"]
[EventType "tourn"]
[EventRounds "9"]
[EventCountry "UKR"]
[EventCategory "1"]

1. e4 e5 2. Nf3 Nc6 3. Bb5 Nf6 4. O-O Nxe4 5. d4 Nd6 6. Bxc6 dxc6 7. dxe5 Nf5
8. Qxd8+ Kxd8 9. Rd1+ Ke8 10. h3 h5 11. Nc3 Bb4 12. Ne2 Bd7 13. a3 Bc5 14. Ned4
Nxd4 15. Nxd4 Rd8 16. Be3 Bxd4 17. Rxd4 Be6 18. Rad1 Rxd4 19. Rxd4 Ke7 20. Rd2
b6 21. Bg5+ f6 22. exf6+ gxf6 23. Bf4 Rd8 24. Rxd8 Kxd8 25. h4 c5 26. Kf1 c4
27. Ke2 a5 28. g3 a4 29. Kd2 b5 30. Kc3 c6 31. Be3 Bd5 32. Bd4 f5 1/2-1/2

[Event "February Lviv Tradition (IM-Group)"]
[Site "Lviv"]
[Date "2016.02.28"]
[Round "9.3"]
[White "Terletsky, Oleg"]
[Black "Anwesh, Upadhyaya"]
[Result "0-1"]
[WhiteElo "2167"]
[BlackElo "2399"]
[PlyCount "64"]
[EventDate "2016.02.22"]
[EventType "tourn"]
[EventRounds "9"]
[EventCountry "UKR"]
[EventCategory "1"]

1. e4 e5 2. Nc3 Nf6 3. g3 d5 4. exd5 Nxd5 5. Bg2 Nxc3 6. bxc3 Nc6 7. Ne2 Be6 8.
O-O Bd5 9. d3 Bxg2 10. Kxg2 Qd5+ 11. f3 h5 12. h3 f5 13. c4 Qd7 14. Bg5 Be7 15.
Qd2 O-O-O 16. Rab1 h4 17. g4 e4 18. fxe4 fxe4 19. Bxe7 Qxe7 20. d4 Qc5 21. c3
Qxc4 22. Qb2 b6 23. Qb5 Na5 24. Rf4 Rd5 25. Qxc4 Nxc4 26. Rb4 Nd6 27. c4 Ra5
28. Nc3 Re8 29. Kf2 g5 30. Rf6 e3+ 31. Ke2 Ne4 32. Nxe4 Rxa2+ 0-1

[Event "February Lviv Tradition (IM-Group)"]
[Site "Lviv"]
[Date "2016.02.28"]
[Round "9.4"]
[White "Osmak, Iulija"]
[Black "Kryvoruchko, Vita"]
[Result "1-0"]
[WhiteElo "2343"]
[BlackElo "2200"]
[PlyCount "67"]
[EventDate "2016.02.22"]
[EventType "tourn"]
[EventRounds "9"]
[EventCountry "UKR"]
[EventCategory "1"]

1. e4 c5 2. Nf3 d6 3. d4 cxd4 4. Nxd4 Nf6 5. Nc3 a6 6. h3 e6 7. g4 Be7 8. Bg2
O-O 9. O-O Nc6 10. Nce2 Qc7 11. c3 d5 12. exd5 Nxd5 13. Bxd5 exd5 14. Bf4 Bd6
15. Bxd6 Qxd6 16. Qd3 Ne5 17. Qg3 f5 18. g5 f4 19. Nxf4 Nf3+ 20. Qxf3 Rxf4 21.
Qg3 Qf8 22. Rae1 a5 23. Re5 Ra6 24. Rfe1 Bd7 25. Re7 Rd6 26. R1e3 h6 27. Rxd7
Rxd7 28. Ne6 Qf5 29. Qxf4 Qb1+ 30. Kg2 Rf7 31. Qb8+ Kh7 32. Nf8+ Kg8 33. Ng6+
Kh7 34. Ne5 1-0

[Event "February Lviv Tradition (IM-Group)"]
[Site "Lviv"]
[Date "2016.02.28"]
[Round "9.5"]
[White "Martynkova, Olena"]
[Black "Punin, Andrii"]
[Result "0-1"]
[WhiteElo "2245"]
[BlackElo "2273"]
[PlyCount "136"]
[EventDate "2016.02.22"]
[EventType "tourn"]
[EventRounds "9"]
[EventCountry "UKR"]
[EventCategory "1"]

1. d4 Nf6 2. c4 e6 3. Nf3 b6 4. g3 Ba6 5. b3 Bb7 6. Bg2 Bb4+ 7. Bd2 a5 8. O-O
O-O 9. Bf4 a4 10. Nbd2 d6 11. Qc2 Bxd2 12. Bxd2 Be4 13. Qb2 Nbd7 14. b4 c6 15.
a3 b5 16. c5 d5 17. Bf4 Re8 18. Rae1 Nf8 19. h4 N6d7 20. Bd6 h6 21. Nd2 Bxg2
22. Kxg2 Qf6 23. e4 dxe4 24. Nxe4 Qg6 25. f4 f5 26. Nf2 Nh7 27. Qe2 Nhf6 28.
Qf3 Rac8 29. Re2 Ng4 30. Nxg4 fxg4 31. Qf2 Qf5 32. Rfe1 Kf7 33. h5 Qd5+ 34. Kg1
Qf5 35. Re4 Rcd8 36. Qe2 Rc8 37. Rf1 Kg8 38. Re3 Rcd8 39. Re1 Kf7 40. d5 Qxd5
41. f5 e5 42. Qxg4 Kg8 43. Rd1 Nf6 44. Qe2 Qf7 45. Rxe5 Rxe5 46. Bxe5 Re8 47.
Qb2 Qxh5 48. Rf1 Nd5 49. Qd4 Qe2 50. Bf4 Ne3 51. Bxe3 Qxe3+ 52. Qxe3 Rxe3 53.
f6 Rxg3+ 54. Kh2 Rxa3 55. fxg7 Kxg7 56. Rd1 Rb3 57. Rd6 Rxb4 58. Rxc6 Rc4 59.
Rc7+ Kf6 60. c6 Ke6 61. Rb7 Rxc6 62. Rxb5 Ra6 63. Kg3 a3 64. Rb1 a2 65. Ra1 Kd5
66. Kf3 Kc4 67. Ke3 Kb3 68. Kd2 Kb2 0-1